載入...

Clinical social work

書目詳細資料
主要作者: Patel, A K
格式: Printed Book
出版: Crescent Publishing Corporation 2010
主題:
LEADER 00423nam a22001217a 4500
082 |a 362.1042  |b PAT.C 
100 |a Patel, A K 
245 |a Clinical social work 
260 |b Crescent Publishing Corporation  |c 2010 
650 |a Social health care - Physical illness  
942 |c BK 
999 |c 12226  |d 12226 
952 |0 0  |1 0  |4 0  |6 362_104200000000000_PAT_C  |7 0  |9 14370  |a CAMPUS  |b CAMPUS  |d 2017-07-20  |l 0  |o 362.1042 PAT.C  |p 13815  |r 2017-07-20  |w 2017-07-20  |y BK